Loading...

Kodak Photography

Bibliographic Details
Format: Printed Book
Published: Chancellor Press 1984
LEADER 00276nam a2200109 4500
082
100
245 |a Kodak Photography 
260 |a Chancellor Press  |c 1984 
942 |c BK 
999 |c 196712  |d 196712 
952 |0 0  |1 0  |4 0  |7 0  |9 210061  |a DCI  |b DCI  |d 2019-10-29  |l 0  |p DCI3342  |r 2019-10-29  |w 2019-10-29  |y BK